000 00980nam0a2200289 i 4500
001 RU\NLR\bibl\1937005
005 20260426030803.0
010 _a9785271397172
_92000
021 _aRU
_b2012-56038
_94093
035 _a(NLR Aleph) 001926301
090 _a3374451
_c3374451
100 _a20120823d2012 u y0rusy50 ca
101 1 _arus
_ceng
102 _aRU
105 _ay |||||||||
200 1 _aПоколение свиней
_fХантер С. Томпсон
_g[пер. с англ. В.Б. Скобина]
210 _aМосква
_cАстрель
_d2012
215 _a414, [1] с.
_d21
225 1 _aСерия "Альтернатива"
320 _aДр. кн. авт. на 4-й с. обл.
700 1 _4070
_7ca
_8rus
_aТомпсон
_bХ. С.
_f1937-2005
_gХантер Стоктон
_3RU\NLR\AUTH\770253643
_9253587
801 0 _aRU
_bNLR
_c20120823
_gRCR
801 1 _aRU
_bNLR
_c20120823
942 _cBOOK
980 _aNBR